Language and Culture In Multilingual Societies : Viewpoints and visions /

Language And Culture in cross-Cultural Contexts. Cultural Issues In Language Education. Culture In Linguistic Discourse.

সংরক্ষণ করুন:
গ্রন্থ-পঞ্জীর বিবরন
প্রধান লেখক: Tickoo, Makhan L.
বিন্যাস: গ্রন্থ
ভাষা:English
প্রকাশিত: Singapore : SEAMEO, 1995.
বিষয়গুলি:
ট্যাগগুলো: ট্যাগ যুক্ত করুন
কোনো ট্যাগ নেই, প্রথমজন হিসাবে ট্যাগ করুন!
Thư viện lưu trữ: Mạng thư viện Đại học Đà Nẵng
LEADER 00980cam a2200337 i 4500
001 000042809
003 684
005 20030324114043.0
008 010217|1995 vm 000 eng
020 |a 9971740532 
022 |a T 
040 |a IRC  |c IRC  |d IRC 
041 0 |a eng 
082 1 4 |a 306  |b TI-M 
100 1 |a Tickoo, Makhan L. 
245 0 0 |a Language and Culture In Multilingual Societies : Viewpoints and visions /  |c Makhan L. Tickoo. 
260 |a Singapore :  |b SEAMEO,  |c 1995. 
300 |a 279p. ;  |c 20,5cm. 
520 3 |a Language And Culture in cross-Cultural Contexts. Cultural Issues In Language Education. Culture In Linguistic Discourse. 
630 0 4 |a Culture. 
650 0 4 |a Language and Culture In Multilingual Societies. 
OWN |a DUT 
999 |a From the UDN01 
TYP |a Monograph 
TYP |a Printed language 
980 |a Mạng thư viện Đại học Đà Nẵng